| 000 | 00553nam a22002057a 4500 | ||
|---|---|---|---|
| 001 | 000723 | ||
| 003 | DO-SdBNP | ||
| 005 | 20180315115225.0 | ||
| 007 | 000723 | ||
| 008 | 161121b 2004 cc a ||||| |||| 00| 0 spa d | ||
| 020 | _a9972625869 | ||
| 040 |
_aBPMSU _bspa _cBPMSU |
||
| 082 |
_axxxx _bxxxx |
||
| 245 | 1 | 0 | _aAprendiendo los colores. |
| 260 |
_aChina : _bLexus; _c[2004]. |
||
| 300 |
_a[12] p. : _bil. ; _c15 cm. |
||
| 942 |
_2ddc _cBK |
||
| 945 | _ainventariado infantil extranjero / 2018 VM | ||
| 956 |
_2LOPEREZ _310 _620161121 _8BPMSU _a00041 |
||
| 999 |
_c12017 _d12017 |
||